| 000 | 00455nam a2200181Ia 4500 | ||
|---|---|---|---|
| 003 | 0100 | ||
| 008 | 130303s9999 xx 000 0 und d | ||
| 040 | _cARRUPELIB | ||
| 050 | _aJC179.R814 1992 | ||
| 100 | _aRousseau, Jean-Jacques | ||
| 245 | _aDiscourse on the origin of inequality | ||
| 260 | _aIndianapolis IN | ||
| 260 | _bHackett | ||
| 260 | _C1992 | ||
| 300 | _a92p | ||
| 700 | _atr. by Donald A. Cress, introd. by James Miller | ||
| 942 | 0 | 0 | _02 |
| 999 |
_c19470 _d19470 |
||